000 00666cam a2200193 4500
008 090401t1973 xxu||||| |||| 00| 0 eng d
020 _a0043380581
035 _a(Sirsi) u6049
041 _aeng
050 _a339.41
100 _aWolfe, J.N (ed)
245 _aCost benefit and cost effectiveness: studies and analysis
260 _aLondon
_bAllen and Unwin
_c1973
300 _a3-236p. ill. 23cm. index
350 _a4.5
520 _aPapers - first delivered at a conference of British economists specialising in cost-benefit analysis held in the Department of Economics of the University of Edinburgh. - Introduction
942 _n0
948 _c04/03/1997
999 _c86244
_d86244